Modern English handbook / (Record no. 21884)
[ view plain ]
| 000 -LEADER | |
|---|---|
| fixed length control field | 00881cam a22002771 4500 |
| 001 - CONTROL NUMBER | |
| control field | 21884 |
| 003 - CONTROL NUMBER IDENTIFIER | |
| rucl marc code | BD-RjUL |
| 005 - DATE AND TIME OF LATEST TRANSACTION | |
| control field | 20211209000736.0 |
| 008 - FIXED-LENGTH DATA ELEMENTS--GENERAL INFORMATION | |
| fixed length control field | 140305r19551953xx 001 0 eng |
| 035 ## - SYSTEM CONTROL NUMBER | |
| System control number | (BD-RjUL)21949 |
| System control number | (OCoLC)2626167 |
| 040 ## - CATALOGING SOURCE | |
| Original cataloging agency | DLC |
| Transcribing agency | OTU |
| Modifying agency | BD-RjUL |
| Language of cataloging | eng |
| 041 ## - LANGUAGE CODE | |
| Language code of text/sound track or separate title | eng |
| 082 00 - DEWEY DECIMAL CLASSIFICATION NUMBER | |
| Classification number | 808 |
| Author mark and year | GOM 1955 |
| 100 1# - MAIN ENTRY--PERSONAL NAME | |
| Personal name | Gorrell, Robert M |
| 9 (RLIN) | 67570 |
| 245 10 - TITLE STATEMENT | |
| Title | Modern English handbook / |
| Statement of responsibility, etc. | Robert M. Gorrell and Charlton Laird. |
| 260 ## - PUBLICATION, DISTRIBUTION, ETC. (IMPRINT) | |
| Place of publication, distribution, etc. | New York : |
| Name of publisher, distributor, etc. | Prentice-Hall, |
| Date of publication, distribution, etc. | c1953 [Printing 1955]. |
| 300 ## - PHYSICAL DESCRIPTION | |
| Pagination | xx, 606 p. : |
| Illustrations | illus. ; |
| Size | 22 cm. |
| 490 0# - SERIES STATEMENT | |
| Series statement | Prentice-Hall English composition and introduction to literature series |
| 504 ## - BIBLIOGRAPHY, ETC. NOTE | |
| Bibliography, etc | Includes index. |
| 650 #0 - SUBJECT ADDED ENTRY--TOPICAL TERM | |
| Topical term or geographic name as entry element | English language |
| General subdivision | Rhetoric. |
| 9 (RLIN) | 67571 |
| 700 1# - ADDED ENTRY--PERSONAL NAME | |
| Personal name | Laird, Charlton Grant, |
| Dates associated with a name | 1901- |
| Relator term | joint author. |
| 942 ## - ADDED ENTRY ELEMENTS (KOHA) | |
| Source of classification or shelving scheme | Dewey Decimal Classification |
| Koha item type | Books |
| Lost status | Source of classification or shelving scheme | Damaged status | Not for loan | Collection code | Permanent Location | Current Location | Shelving location | Date acquired | Source of acquisition | Total Checkouts | Full call number | Date last seen | Copy number | Koha item type |
|---|---|---|---|---|---|---|---|---|---|---|---|---|---|---|
| Dewey Decimal Classification | Non-fiction | Central Library, University of Rajshahi | Central Library, University of Rajshahi | 09/04/1962 | Asia Foundation | 808 GOM 1955 | 05/03/2014 | C-2 | Books | |||||
| Dewey Decimal Classification | Non-fiction | Central Library, University of Rajshahi | Central Library, University of Rajshahi | 01/11/1958 | Asia Foundation | 808 GOM 1955 | 24/08/2016 | C-3 | Books |